000 00986nam a22002777i 4500
003 DO-SdBNP
005 20250724150841.0
007 ta
008 240409b2001 dr ||||| |||| 00| 0 spa d
020 _a9993468010
040 _aDO-SdBNP
_bspa
_cBNPHU
_erda
041 _aspa
082 4 _axxx
_bS939j
_222
100 1 _aSuárez, Julio Aníbal
_eautor
_4aut.
_96537
245 1 0 _aJurisprudencia dominicana de trabajo /
_cJulio Aníbal Suárez.
246 1 0 _aJurisprudencia dominicana de trabajo, 1990 a 2001
264 4 _aSanto Domingo, República Dominicana :
_bEdiciones Jurídicas Trajano Potentini,
_c©2001.
300 _a xcv, 554 páginas ;
_c28 cm.
336 _atexto
_btxt
_2rdacontent
337 _asin mediación
_bn
_2rdamedia
338 _avolumen
_bnc
_2rdacarrier
505 _aSentencias enero 1990 a julio 1997 --
_tSentencias del pleno --
_tSentencias agosto 1997 a julio 2001.
590 _aInventariado, 2024 /LP
910 _aLopérez
942 _2ddc
_cLBS1
999 _c56301
_d56301